| 000 -LEADER |
| fixed length control field |
00485cam a22001697a 4500 |
| 003 - CONTROL NUMBER IDENTIFIER |
| control field |
OSt |
| 005 - DATE AND TIME OF LATEST TRANSACTION |
| control field |
20210803113926.0 |
| 008 - FIXED-LENGTH DATA ELEMENTS--GENERAL INFORMATION |
| fixed length control field |
180718b1986 xxu||||| |||| 00| 0 eng d |
| 082 ## - DEWEY DECIMAL CLASSIFICATION NUMBER |
| Classification number |
Y26x5441 V519 |
| 100 ## - MAIN ENTRY--PERSONAL NAME |
| Personal name |
Veena, D.R. |
| 9 (RLIN) |
26253 |
| 245 ## - TITLE STATEMENT |
| Title |
Bio-gas technology: a study of community bio-gas plant |
| Statement of responsibility, etc |
by D.R. Veena |
| 260 ## - PUBLICATION, DISTRIBUTION, ETC. (IMPRINT) |
| Place of publication, distribution, etc |
New Delhi |
| Date of publication, distribution, etc |
1986 |
| 300 ## - PHYSICAL DESCRIPTION |
| Extent |
94p. |
| 650 ## - SUBJECT ADDED ENTRY--TOPICAL TERM |
| Topical term or geographic name as entry element |
Bio-gas - India - Gujarat |
| 9 (RLIN) |
26254 |
| 650 ## - SUBJECT ADDED ENTRY--TOPICAL TERM |
| Topical term or geographic name as entry element |
Energy resources - India - Gujarat |
| 9 (RLIN) |
26255 |
| 942 ## - ADDED ENTRY ELEMENTS (KOHA) |
| Source of classification or shelving scheme |
|